| 000 | 01534cam a22003974a 4500 | ||
|---|---|---|---|
| 999 |
_c28577 _d28548 |
||
| 001 | 14164518 | ||
| 003 | EG-ScBUE | ||
| 005 | 20200823140901.0 | ||
| 008 | 051103t2006 maua f bd 001 0 eng d | ||
| 020 | _a0763737690 (casebound) | ||
| 020 | _a9780763737696 (casebound) | ||
| 035 | _a(OCoLC)ocm62282041 | ||
| 035 | _a(OCoLC)62282041 | ||
| 040 |
_aDLC _beng _erda _cDLC _dYDX _dBAKER _dBTCTA _dYDXCP _dVP@ _dDLC _dEG-ScBUE |
||
| 082 | 0 | 4 |
_a004.22 _bNUL _222 |
| 100 | 1 |
_aNull, Linda, _eauthor. _918030 |
|
| 245 | 1 | 4 |
_aThe essentials of computer organization and architecture / _cLinda Null, Pennsylvania State University and Julia Lobur, Pennsylvania State University. |
| 250 | _aSecond edition. | ||
| 264 | 1 |
_aSudbury, Massachusetts : _bJones and Bartlett Publishers, _c[2006] |
|
| 264 | 4 | _cc2006 | |
| 300 |
_axxxii, 799 pages : _billustrations ; _c24 cm |
||
| 336 |
_2rdacontent _atext _btxt |
||
| 337 |
_2rdamedia _aunmediated _bn |
||
| 338 |
_2rdacarrier _avolume _bnc |
||
| 500 | _aIncludes appendices. | ||
| 500 | _aIncludes glossary. | ||
| 504 | _aIncludes bibliographical references and index. | ||
| 650 | 7 |
_aComputer organization. _2BUEsh |
|
| 650 | 7 |
_aComputer architecture. _2BUEsh |
|
| 653 |
_bCOMSCI _cJuly2020 |
||
| 655 |
_vReading book _934232 |
||
| 700 | 1 |
_aLobur, Julia, _eauthor. _918033 |
|
| 906 |
_a7 _bcbc _corignew _d1 _eecip _f20 _gy-gencatlg |
||
| 942 |
_2ddc _cBB |
||